000 00463nam a2200181Ia 4500
001 64654
008 210427n ii |||gr||||Z||||||465
041 _a465
082 _a954.017
110 _aMinistry of transport.
245 0 _akhajuraho
_cMinistry of transport
_hTextual Documents
260 _aNew Delhi:
_bMinistry of transport Tourism.
300 _a47pg:
_c20cm.
653 _aHistory
653 _akhajuraho
653 _aG-History
942 _2ddc
_cBK
999 _c65754
_d65754